zpět

Detail výsledku týmu

The Pub Praha 2 ST, Praha

Datum a čas kvízu

29.5 Celkem bodů Celkový počet nahraných bodů na tomto kvízu bez doplňovacích otázek.
12. Pořadí na kvízu Konečné umístění týmu na tomto kvízu.

Zaznamenané odpovědi

# Otázka Odpověď Body Výsledky
1. V pondělí byla v Praze na Lete... ruská zneškodněná vojenská technika 1
2. Nejvyšší unijní soud se postav... sýr feta 0
3. V pondělí vystoupil v pražské... Jeff Beck, Johnny Depp 0.5
4. Americký Národní úřad pro lete... první snímky z Webbova teleskopu 1
5. V nejslavnější hokejové lize s... 1B 2D 3A 4C 0
6. V tomto tématu navážeme na náš... Agent Orange, Spolana Neratovice 0
7. Strelície pochází z Jihoafrick... A) Jiří III. 0
8. Vlajka na obrázku patří ostrov... Marshallovy ostrovy 0
9. Poznáte podle obrázku, o který... Orange Is the New Black (Holky za mřížemi), Netflix 1
10. Možná i vy máte doma takovýto... JBL 1